Дело по донесению состоящего в должности Саратовского гражданского губернатора о неповиновении крестьян Петровского уезда Малосе...

Доступно только в Электронных читальных залах Найти на картеНа карте
RUSMARC
00003745nmc2a22000003x 450
001e45c2de3-1850-43dc-a6e0-ba2fcc08962f
00520180402102148.0
100##$a20160201l18411843k l0rusy0189 ca
1010#$arus
102##$aRU
2001#$aДело по донесению состоящего в должности Саратовского гражданского губернатора о неповиновении крестьян Петровского уезда Малосердобинской и Козловской волостей
$j3 июня 1841 г. - 7 декабря 1843 г.
251##$cДело
300##$aДело
801#0$aRU
$bРГИА
$c20160201
$gRCR
801#1$aRU
$bГлавНИВЦ
$c20160201
$2rusmarc
801#2$aRU
$bПБ им. Б.Н. Ельцина
$c20180402
$gRCR
$2rusmarc
850##$aРГИА
852##$aРГИА
$eФедеральное казенное учреждение "Российский государственный исторический архив" (РГИА)
$j235
937##$hРГИА
$d12186405
$aASBIBLIO_SCAN
462#0$1001d84ca311-0ff2-4bc1-993d-58ba7069b925
$12001
$a1841-1843 гг. Дела Департамента полиции исполнительной МВД за 1841 г.
$1251
$cОпись
$1852
$j8
461#0$10013e300ed0-cd39-49af-8489-5ba5b90fa401
$12001
$aДепартамент полиции исполнительной МВД
$1251
$cФонд
$1852
$j1286
215##$a59 л.
$d36,5х26 см
371##$aДокумент не является опубликованным и широко распространяемым
105##$ay###
1222#$ad
035##$ae45c2de3-1850-43dc-a6e0-ba2fcc08962f
856##$uhttp://readingroom.main.prlib.ru/item.aspx?id_node=n114334968&mode=full
Формат отображения